La donatio mortis causa in diritto romano

Salvato in:
Dettagli Bibliografici
Autore principale: Amelotti, Mario (Autore)
Natura: Libro
Lingua:italiano
Pubblicazione: Milán Dott. A. Giuffrè 1953
Serie:Fondazione Guglielmo Castelli, 22
Soggetti:
Tags: Aggiungi Tag
Nessun Tag, puoi essere il primo ad aggiungerne!!

MARC

LEADER 00000nam a2200000 a 4500
001 UCR0990
003 CL-VaPUC
008 971205e19530000IT |||||||||||||||||ita|d
082 0 4 |a 340.54  |b AME  |2 21 
100 0 |a Amelotti, Mario  |e author  |9 397694 
245 1 3 |a La donatio mortis causa in diritto romano 
300 |a 238 p 
942 |c BK 
945 |d 19971205 00:00:00  |a aolguin 
260 |a Milán  |b Dott. A. Giuffrè  |c 1953 
650 0 |a Derecho romano  |9 255930 
650 0 |a Derecho sucesorio (Derecho romano)  |9 872235 
650 0 |a Donación   |9 255016 
650 7 |a DONACIONES POR CAUSA DE MUERTE  |2 CL-VaPUC  |9 385592 
650 7 |a TERCEROS DERECHO  |2 CL-VaPUC  |9 397695 
650 7 |a FUENTES  |2 CL-VaPUC  |9 255666 
583 |a last modification  |c 19971205 00:00:00  |k Rodrigo Vera 
490 0 |a Fondazione Guglielmo Castelli, 22 
999 |c 264485  |d 264483 
952 |0 0  |1 0  |4 0  |6 340_540000000000000_AME_1953  |7 0  |8 DER_ROM  |9 294766  |a BIBDER  |b BIBDER  |d 2019-11-19  |i 1909479  |l 1  |o 340.54 AME 1953  |p 1909479  |r 2023-01-25  |s 2020-03-16  |w 2019-11-19  |x Ubicación 4to piso  |y BK  |z Este recurso debe solicitarse con anticipación  |k DER